| 000 | 00357nam a22001457a 4500 | ||
|---|---|---|---|
| 003 | SGT | ||
| 082 |
_a617.96 _bA21G |
||
| 100 | _aGIRDHAR, UDIT | ||
| 245 | _aA STUDY TO COMPARE STRAIGHT BACK VERSUS FLEX BACK FOR SPINAL ANAESTHESIA | ||
| 260 |
_aGURUGRAM _bSGT UNIVERSITY _c2021 |
||
| 300 | _a63 | ||
| 650 | _aANAESTHESIA | ||
| 653 | _aM.D | ||
| 942 |
_2ddc _cTH |
||
| 999 |
_c26571 _d26571 |
||